000 00249nam a22001217a 4500
005 20171025093902.0
008 171025b xxu||||| |||| 00| 0 eng d
041 _aeng
082 _a336.24
245 _aTAXATION IPCC
300 _a252p,
942 _cBK
999 _c5621
_d5619